000 00577nam a2200145Ia 4500
008 100204s9999 xx 000 0 und d
082 _b6996
100 _aगोखले गो. सी.
245 _aज्ञान सागरातील शिंपले भाग -2
260 _b"यशवंत प्रकाशन , पुणे"
_c1981 4
300 _a16+224
630 _aज्ञान सागरातील शिंपले भाग -2
730 _aज्ञान सागरातील शिंपले भाग -2
942 _cBOOK
999 _c451434
_d451431